[Event "AUTO-OPEN-3372"]
[Site "http://www.queenalice.com/game.php?id=1319521"]
[Date "2014.10.31"]
[Round "1"]
[White "Aborigen"]
[Black "valdenicio"]
[Result "1-0"]
[WhiteElo "2048"]
[BlackElo "2027"]

1. e4 c5 2. f4 d5 3. exd5 Qxd5 4. Nf3 Nf6 5. Nc3 Qd8 6. Bb5+ Bd7 7. Bxd7+ Nbxd7
8. O-O e6 9. Ne5 Bd6 10. Qe2 a6 11. b3 O-O 12. Bb2 Re8 13. Nd1 Be7 14. Qf3 Rb8
15. Ne3 Nf8 16. Rad1 Qc7 17. N3g4 Rbd8 18. Bc3 Ng6 19. Nxg6 hxg6 20. Ne5 Nd5 21.
Ba1 Bf6 22. c4 Nb4 23. a3 Nc6 24. Nxc6 Qxc6 25. Qxc6 bxc6 26. Bxf6 gxf6 27. Kf2
Rd3 28. Ke2 Red8 29. Rf3 Rxf3 30. gxf3 Rd4 31. Ke3 a5 32. Rg1 Kg7 33. Rg2 a4 34.
d3 axb3 35. Rb2 e5 36. fxe5 fxe5 37. Rxb3 Rd7 38. Rb6 Rc7 39. a4 Ra7 40. Rxc6
Rxa4 41. Rxc5 Kf6 42. f4 exf4+ 43. Kxf4 Ra3 44. Rd5 Rc3 45. h4 Rc2 46. c5 Ke6
47. Rd6+ Ke7 48. d4 Rh2 49. Kg3 Rd2 50. Kg4 Rd1 51. h5 Rg1+ 52. Kf4 gxh5 53. Rh6
Rg4+ 54. Ke3 h4 55. d5 Rc4 56. c6 h3 57. d6+ Kf8 58. c7 1-0

[Event "AUTO-OPEN-3372"]
[Site "http://www.queenalice.com/game.php?id=1319542"]
[Date "2014.10.31"]
[Round "1"]
[White "Aborigen"]
[Black "Yran"]
[Result "0-1"]
[WhiteElo "2075"]
[BlackElo "2079"]

1. d4 Nf6 2. Nf3 d5 3. Bf4 Bf5 4. e3 e6 5. Bd3 Be7 6. O-O Bg4 7. c3 O-O 8. Nbd2
c5 9. h3 Bh5 10. Rc1 Nc6 11. a3 Rc8 12. Bb1 cxd4 13. cxd4 Qb6 14. b4 a5 15. bxa5
Qxa5 16. a4 Ba3 17. Rc2 Qxa4 18. Ra2 Qxd1 19. Rxd1 Ra8 20. Bd3 Nb4 21. Rxa3 Rxa3
22. Be2 Rd8 23. Rb1 Nc6 24. Rxb7 Ne4 25. g4 Bg6 26. Nxe4 Bxe4 27. Ne5 Nxe5 28.
Bxe5 Ra1+ 29. Kh2 Ra2 30. Bd1 Rxf2+ 31. Kg1 Rd2 32. Ba4 h6 33. h4 Ra8 34. Rb4
Rc8 35. Rb8 Rxb8 36. Bxb8 Rg2+ 37. Kf1 Rxg4 38. h5 Rh4 39. Kf2 Rxh5 40. Bd1 Rh1
41. Be2 Rb1 42. Bd6 Rb2 43. Ke1 Rxe2+ 44. Kxe2 g5 45. Kf2 Kh7 46. Kg3 Kg6 47.
Bc7 h5 48. Bd8 Kf5 49. Bc7 h4+ 50. Kf2 g4 51. Bd8 g3+ 52. Kg1 Kg4 53. Bc7 h3 0-1

[Event "AUTO-OPEN-3372"]
[Site "http://www.queenalice.com/game.php?id=1319543"]
[Date "2014.10.31"]
[Round "1"]
[White "Yran"]
[Black "Aborigen"]
[Result "1-0"]
[WhiteElo "2095"]
[BlackElo "2044"]

1. Nf3 c6 2. d4 d5 3. e3 Nf6 4. Nbd2 g6 5. b3 Bg7 6. Bb2 O-O 7. Be2 Nfd7 8. O-O
Re8 9. c4 e5 10. dxe5 Nxe5 11. Nxe5 Bxe5 12. Bxe5 Rxe5 13. Nf3 Re8 14. cxd5 Qxd5
15. Bc4 Qxd1 16. Rfxd1 Bg4 17. Be2 Nd7 18. Kf1 Nf6 19. h3 Be6 20. Nd4 Bd5 21.
Bf3 Bxf3 22. Nxf3 Rad8 23. Ke1 Kf8 24. Rxd8 Rxd8 25. Rc1 Ke7 26. Nd4 Nd5 27. a3
Nf6 28. f3 Nd5 29. Ke2 a6 30. g3 c5 31. Rxc5 Rd7 32. e4 Nc7 33. Nc2 Ne6 34. Rc3
h5 35. h4 Nc7 36. Rd3 Nb5 37. Rxd7+ Kxd7 38. Kd3 Kd6 39. a4 Nc7 40. Nd4 Ne6 41.
Nxe6 Kxe6 42. Kd4 f6 43. f4 Kd6 44. e5+ Ke6 45. exf6 Kxf6 46. a5 Kf5 47. Ke3 Kg4
48. Kf2 Kf5 49. Kf3 Ke6 50. g4 Kf6 51. gxh5 gxh5 52. Ke4 Ke6 53. f5+ Kf6 54. Kf4
1-0

[Event "AUTO-OPEN-3372"]
[Site "http://www.queenalice.com/game.php?id=1319544"]
[Date "2014.10.31"]
[Round "1"]
[White "Aborigen"]
[Black "Magogue"]
[Result "0-1"]
[WhiteElo "2107"]
[BlackElo "1854"]

1. e4 e5 2. Nf3 Nc6 3. d4 exd4 4. Nxd4 Nxd4 5. Bd3 Bc5 6. O-O d6 7. Be3 Qf6 8.
c3 Ne6 9. Bxc5 Nxc5 10. Bc2 Be6 11. Nd2 O-O-O 12. Bb3 Bxb3 13. axb3 Kb8 14. b4
Nd7 15. Qa4 a6 16. b5 d5 17. bxa6 Qxa6 18. exd5 Qxa4 19. Rxa4 Nb6 20. Ra5 Rxd5
21. Rxd5 Nxd5 22. Nf3 f6 23. Rd1 Nge7 24. Nd4 Rd8 25. Ne6 Rg8 26. Kf1 g6 27. g3
c6 28. c4 Nb6 29. b3 Re8 30. Nc5 Nf5 31. h4 h5 32. Kg2 Kc7 33. Kf1 Re5 34. Nd3
Re7 35. Nf4 Nxg3+ 36. fxg3 Re3 37. Rd3 Rxd3 38. Nxd3 Nd7 39. Kf2 Kd6 40. Nf4 Ne5
41. Kg2 Kc5 42. Ne6+ Kb4 43. Nd8 b6 44. Ne6 Kxb3 45. c5 b5 46. Kf2 Kc4 47. Ke3
Kd5 48. Nc7+ Kxc5 49. Ne8 b4 50. Nxf6 Ng4+ 0-1

[Event "AUTO-OPEN-3372"]
[Site "http://www.queenalice.com/game.php?id=1319545"]
[Date "2014.10.31"]
[Round "1"]
[White "Magogue"]
[Black "Aborigen"]
[Result "0-1"]
[WhiteElo "1943"]
[BlackElo "2064"]

1. e4 e5 2. f4 exf4 3. Bc4 Qh4+ 4. Kf1 d6 5. Nf3 Qf6 6. Nc3 Be6 7. Bxe6 fxe6 8.
d4 Nd7 9. h4 O-O-O 10. Qd2 e5 11. Nd5 Qg6 12. Qd3 Ngf6 13. Nxf6 gxf6 14. dxe5
fxe5 15. Bd2 Rg8 16. Rg1 Nf6 17. Re1 Qg3 18. Re2 Ng4 19. Be1 Nh2+ 20. Nxh2 Qxh2
21. Qh3+ Qxh3 22. gxh3 Rxg1+ 23. Kxg1 Bh6 24. Rg2 Kd7 25. h5 Ke6 26. a4 Kf7 27.
Bh4 Re8 28. c4 c5 29. Rd2 Rg8+ 30. Kf1 Bf8 31. b3 Be7 32. Be1 h6 33. Rh2 Rg5 34.
Rh1 b6 35. Rh2 a5 36. Rd2 Ke6 37. Rh2 Rg7 38. Rd2 Rg5 39. Rd3 Rg7 40. Rf3 Kf6
41. Bh4+ Ke6 42. Be1 Bg5 43. Rd3 Rf7 44. Rf3 Rf8 45. Kg2 Rf7 46. Kf1 Rg7 47. Rd3
Bf6 48. Bf2 Rg5 49. Bh4 Rxh5 50. Be1 Bh4 51. Bxh4 Rxh4 52. Kg2 Rh5 53. Kf2 Rg5
54. Kf1 h5 55. h4 Rg4 56. Rh3 f3 57. Kf2 Rxe4 58. Kxf3 Rf4+ 59. Ke3 Kf5 0-1

[Event "Challenge"]
[Site "http://www.queenalice.com/game.php?id=1319780"]
[Date "2014.11.1"]
[Round "-"]
[White "Zugswang"]
[Black "Aborigen"]
[Result "1-0"]
[WhiteElo "2222"]
[BlackElo "2127"]

1. d4 d5 2. Nf3 Nf6 3. Bg5 Bf5 4. e3 Nbd7 5. c4 c6 6. c5 h6 7. Bf4 e6 8. Nc3 Be7
9. b4 a6 10. a4 O-O 11. h3 Ne4 12. Nxe4 Bxe4 13. Bd3 Bxd3 14. Qxd3 Nf6 15. g4
Ne4 16. Nd2 Nf6 17. O-O Nh7 18. Nf3 Ng5 19. Nxg5 Bxg5 20. Bh2 Be7 21. b5 axb5
22. axb5 f5 23. b6 1-0

[Event "AUTO-OPEN-3382"]
[Site "http://www.queenalice.com/game.php?id=1322636"]
[Date "2014.11.17"]
[Round "1"]
[White "dan2015"]
[Black "Aborigen"]
[Result "1-0"]
[WhiteElo "1545"]
[BlackElo "2059"]

1. e4 c5 2. Nc3 g6 3. Nf3 Bg7 4. d4 cxd4 5. Nxd4 Nc6 6. Nxc6 bxc6 7. Qf3 Rb8 8.
Bc4 e6 9. b3 d5 10. exd5 cxd5 11. Bb5+ Bd7 12. Bxd7+ Qxd7 13. O-O Nf6 14. Re1
O-O 15. Bg5 Ne8 16. Rad1 Nd6 17. Qh3 Rfc8 18. Rd3 Rc7 19. Bf4 Rbc8 20. Bd2 Nf5
21. a4 a6 22. Ne4 Rxc2 23. g3 Qb7 24. Ng5 h6 25. Nf3 Qb6 26. g4 Nd6 27. Be3 Qd8
28. Bxh6 Ne4 29. Bxg7 Kxg7 30. Rxe4 Qf6 31. g5 Qe7 32. Qh6+ 1-0

[Event "AUTO-OPEN-3382"]
[Site "http://www.queenalice.com/game.php?id=1322637"]
[Date "2014.11.17"]
[Round "1"]
[White "Aborigen"]
[Black "dan2015"]
[Result "1-0"]
[WhiteElo "2030"]
[BlackElo "1508"]

1. e4 e5 2. Nf3 Nc6 3. Bc4 h6 4. d4 exd4 5. Nxd4 Nxd4 6. Qxd4 Qe7 7. O-O c5 8.
Qc3 Nf6 9. f3 g5 10. Na3 Rh7 11. Be3 Bg7 12. Qd2 g4 13. Nb5 gxf3 14. gxf3 Kf8
15. Nd6 b6 16. Bxf7 Ba6 17. c4 Nh5 18. Bxh5 Bxb2 19. Rad1 Bd4 20. Bxd4 cxd4 21.
Qxd4 Qg5+ 22. Kf2 Qh4+ 23. Ke2 Qxh2+ 24. Rf2 Qf4 25. Nb5 d5 26. Qxd5 Qf6 27.
Qd6+ Qxd6 28. Rxd6 Rc7 29. Kd3 Rc5 30. Bg4 Bxb5 31. cxb5 Rxb5 32. Rxh6 Rd8+ 33.
Ke3 Ra5 34. Rc2 Ra3+ 35. Kf4 Kg7 36. Re6 Rf8+ 37. Kg3 1-0

[Event "AUTO-OPEN-3382"]
[Site "http://www.queenalice.com/game.php?id=1322683"]
[Date "2014.11.17"]
[Round "1"]
[White "Aborigen"]
[Black "Gera"]
[Result "1-0"]
[WhiteElo "2037"]
[BlackElo "2042"]

1. f4 c5 2. Nf3 d5 3. e3 a6 4. d4 e6 5. c3 Nf6 6. Bd3 Nc6 7. O-O Be7 8. a3 O-O
9. Nbd2 b5 10. Ne5 Bb7 11. Ndf3 Ne4 12. Nxc6 Bxc6 13. Ne5 Bb7 14. Bxe4 dxe4 15.
Bd2 g6 16. Ng4 Kg7 17. Rc1 Qb6 18. Ne5 h5 19. Nd7 Qc6 20. Nxf8 Rxf8 21. Qe2 a5
22. g4 hxg4 23. Qxg4 Rh8 24. Rf2 Bc8 25. Qe2 c4 26. Rg2 f5 27. Be1 Ba6 28. Bg3
b4 29. axb4 axb4 30. Kf2 Qa4 31. Rgg1 Qc6 32. Ra1 bxc3 33. bxc3 Bh4 34. Bxh4
Rxh4 35. Rg2 Kf6 36. Rag1 Kf7 37. Qa2 Rh6 38. Qa5 Qb7 39. Qa2 Qc6 40. Kf1 Bb5
41. Qa7+ Kf6 42. Qb8 Qe8 43. Qe5+ Kf7 44. h4 Ba4 45. Ke1 Qb5 46. Qxb5 Bxb5 47.
h5 gxh5 48. Rg7+ Kf6 49. R7g5 Bc6 50. Kf2 h4 51. Kg2 Be8 52. Kh3 Bf7 53. Rb1 Bh5
54. Rb4 Be2 55. Rb6 Bf1+ 56. Kh2 Rh7 57. d5 Re7 58. Rh5 h3 59. Rh6+ Kf7 60.
Rbxe6 Rxe6 61. Rxe6 Bg2 62. Re5 1-0

[Event "AUTO-OPEN-3388"]
[Site "http://www.queenalice.com/game.php?id=1324799"]
[Date "2014.11.28"]
[Round "1"]
[White "tango2011"]
[Black "Aborigen"]
[Result "0-1"]
[WhiteElo "1676"]
[BlackElo "2044"]

1. d4 d5 2. e3 Nf6 3. Nf3 g6 4. Be2 Bg7 5. Bd3 O-O 6. O-O c6 7. b3 Bg4 8. Nbd2
e6 9. h3 Bxf3 10. Nxf3 Nbd7 11. Ba3 Re8 12. c4 Qa5 13. Qc1 Rac8 14. b4 Qd8 15.
c5 e5 16. dxe5 Nxe5 17. Nxe5 Rxe5 18. Bb2 Re8 19. Rb1 a6 20. Qd1 Qe7 21. a3 Rcd8
22. Qf3 Ne4 23. Bxg7 Kxg7 24. Rbe1 Nd2 25. Qg3 Nxf1 26. Kxf1 f5 27. Bxf5 Qf6 28.
Bg4 Re7 29. Bd1 Rde8 30. Qf3 Qxf3 31. Bxf3 h5 32. Bd1 d4 33. Bc2 dxe3 34. f3 Kf6
35. g3 g5 36. Re2 Rd8 37. h4 gxh4 38. gxh4 Rd2 39. Be4 Rd1+ 40. Re1 Rxe1+ 41.
Kxe1 Ke5 42. Ke2 Kf4 43. Bg6 Kg3 0-1

[Event "AUTO-OPEN-3388"]
[Site "http://www.queenalice.com/game.php?id=1324800"]
[Date "2014.11.28"]
[Round "1"]
[White "Aborigen"]
[Black "tango2011"]
[Result "1-0"]
[WhiteElo "2052"]
[BlackElo "1672"]

1. e4 c5 2. Nf3 d6 3. d4 cxd4 4. Nxd4 e5 5. Nf3 Nf6 6. Nc3 Be7 7. Bc4 O-O 8. O-O
Nc6 9. a3 b6 10. Nd5 Nxe4 11. Nxe7+ Qxe7 12. Bd5 Bb7 13. Bxe4 Rad8 14. Bd5 e4
15. Re1 Nb8 16. Rxe4 Qd7 17. Bxb7 Qxb7 18. Qe2 Nd7 19. Bf4 Nf6 20. Re7 Rd7 21.
Re1 Qc6 22. Rxd7 Qxd7 23. Qd3 Nh5 24. Bxd6 Rd8 25. Rd1 h6 26. Bb4 Qxd3 27. Rxd3
Re8 28. Kf1 Nf4 29. Rd1 Rc8 30. Bc3 a5 31. g3 Ne6 32. Nh4 Ng5 33. Nf5 f6 34.
Ne7+ 1-0

[Event "AUTO-OPEN-3388"]
[Site "http://www.queenalice.com/game.php?id=1324825"]
[Date "2014.11.28"]
[Round "1"]
[White "Aborigen"]
[Black "zhiii00"]
[Result "0-1"]
[WhiteElo "2046"]
[BlackElo "2223"]

1. e4 e6 2. d4 d5 3. exd5 exd5 4. Nf3 Bd6 5. Bd3 Nc6 6. O-O Nge7 7. c3 h6 8. Be3
Bg4 9. Nbd2 Qd7 10. Qc2 O-O-O 11. Bb5 Bxf3 12. Nxf3 Qg4 13. c4 dxc4 14. Qxc4 Kb8
15. Qa4 a6 16. Bxa6 bxa6 17. Qxa6 Qc8 18. Qa4 Qb7 19. a3 f5 20. Bd2 Nd5 21. Rfc1
Nce7 22. b4 Nb6 23. Qb3 Qd5 24. Qd3 g5 25. a4 g4 26. Ne1 Ng6 27. a5 Nc8 28. a6
Rhe8 29. a7+ Ka8 30. Qa6 Nb6 31. Ra5 Qxd4 32. Be3 Rxe3 0-1

[Event "AUTO-OPEN-3388"]
[Site "http://www.queenalice.com/game.php?id=1324826"]
[Date "2014.11.28"]
[Round "1"]
[White "zhiii00"]
[Black "Aborigen"]
[Result "1-0"]
[WhiteElo "2215"]
[BlackElo "2054"]

1. d4 d5 2. c4 c6 3. Nf3 Nf6 4. Nc3 g6 5. e3 Bg7 6. Bd3 O-O 7. h3 Re8 8. O-O e6
9. b3 Nfd7 10. e4 c5 11. exd5 exd5 12. Nxd5 cxd4 13. Bb2 Nc6 14. Re1 Rxe1+ 15.
Qxe1 Nc5 16. Bf1 Bf5 17. Rd1 Be4 18. Nxd4 Bxd5 19. Nxc6 bxc6 20. Bxg7 Kxg7 21.
cxd5 cxd5 22. Qc3+ 1-0

[Event "AUTO-OPEN-3388"]
[Site "http://www.queenalice.com/game.php?id=1324827"]
[Date "2014.11.28"]
[Round "1"]
[White "Aborigen"]
[Black "Yran"]
[Result "0-1"]
[WhiteElo "2072"]
[BlackElo "2112"]

1. e4 c5 2. Nf3 d6 3. d4 cxd4 4. Nxd4 Nf6 5. Nc3 g6 6. Bd3 Bg7 7. Nde2 Nc6 8.
O-O O-O 9. a3 Bd7 10. Bg5 Qa5 11. Qd2 Rac8 12. Bh6 Ne5 13. Bxg7 Kxg7 14. h3 Nc4
15. Bxc4 Rxc4 16. f4 Qb6+ 17. Kh1 Nxe4 18. Nxe4 Rxe4 19. c3 Bb5 20. Rfe1 Qe3 21.
Qxe3 Rxe3 22. Nd4 Rxe1+ 23. Rxe1 Bd7 24. Rxe7 Rd8 25. Nf3 Kf6 26. Re1 h5 27. Kg1
Bc6 28. Nd4 Re8 29. Rd1 Rd8 30. Kf2 d5 31. g4 hxg4 32. hxg4 Re8 33. Re1 Rxe1 34.
Kxe1 g5 35. Kf2 gxf4 36. Kf3 Ke5 37. Nf5 d4+ 38. Ke2 f3+ 39. Kf2 dxc3 40. bxc3
Kf4 41. Ne3 b5 42. Nc2 Kxg4 43. Nd4 Bd7 44. Nxf3 f6 45. Nd4 a5 46. Nb3 a4 47.
Nd4 f5 48. Nf3 Kf4 49. Nd4 Ke4 50. Ke2 f4 51. Nc2 f3+ 52. Kd2 Kf4 53. Ke1 Kg3
54. Ne3 Be6 55. Nf1+ Kg2 56. Ne3+ Kg1 57. Nd1 Bb3 58. Nf2 Be6 59. Ne4 Bf5 60.
Nf2 Kg2 61. Nd1 Bd3 62. Nf2 Be2 63. Ne4 Bc4 64. Nf2 Kg3 65. Nd1 Be2 66. Nf2 Kf4
67. Kd2 Ke5 68. Ng4+ Kd5 69. Ne3+ Kc5 0-1

[Event "AUTO-OPEN-3388"]
[Site "http://www.queenalice.com/game.php?id=1324828"]
[Date "2014.11.28"]
[Round "1"]
[White "Yran"]
[Black "Aborigen"]
[Result "1-0"]
[WhiteElo "2123"]
[BlackElo "2058"]

1. d4 d5 2. c4 c6 3. cxd5 cxd5 4. Nc3 Nf6 5. Bf4 g6 6. e3 Bg7 7. Bd3 O-O 8. Nge2
Nh5 9. Bg3 Nxg3 10. Nxg3 Nc6 11. a3 a6 12. h4 h5 13. Qf3 e6 14. Nge2 Qf6 15.
Qxf6 Bxf6 16. g3 Bd7 17. Rc1 Kg7 18. Nf4 Rac8 19. b4 Ne7 20. Kd2 Rc7 21. Na2
Rfc8 22. Rxc7 Rxc7 23. Rc1 Rxc1 24. Nxc1 Ba4 25. Nfe2 Nc8 26. Nc3 Be8 27. Nb3
Nd6 28. f4 Be7 29. Nc5 Bc6 30. a4 Nf5 31. Bxf5 gxf5 32. b5 axb5 33. axb5 Be8 34.
Nxb7 Bb4 35. Kd3 Bxb5+ 36. Nxb5 Be1 37. Ke2 Bxg3 38. Nc3 Bxh4 39. Nc5 Be7 40.
Nd3 Kh6 41. Kf3 h4 42. Nf2 Bb4 43. Ne2 Be7 44. Nc1 Bd8 45. Ncd3 Kg7 46. Kg2 Kh6
47. Ne5 Kg7 48. Kh3 Kf8 49. Nf3 Bb6 50. Nxh4 Ke7 51. Kg3 Kf6 52. Kf3 Ke7 53. Nd3
Ke8 54. Ke2 Bd8 55. Nf3 Bc7 56. Nc5 Ke7 57. Nd2 f6 58. Nf3 Bb8 59. Kd3 Ba7 60.
Kc3 Kd6 61. Kb4 Ke7 62. Kb5 Bb8 63. Kc6 Bd6 64. Nh4 Bb8 65. Nf3 Bd6 66. Nd3 Bb8
67. Nd2 Bd6 68. Nb3 Bb8 69. Na5 Kd8 70. Nb7+ Ke7 71. Ndc5 Ba7 72. Na6 e5 73.
Kxd5 1-0

[Event "Challenge"]
[Site "http://www.queenalice.com/game.php?id=1326761"]
[Date "2014.12.8"]
[Round "-"]
[White "Zugswang"]
[Black "Aborigen"]
[Result "1-0"]
[WhiteElo "2200"]
[BlackElo "2063"]

1. e4 c5 2. f4 d5 3. e5 Nc6 4. Nf3 Bg4 5. Be2 e6 6. O-O c4 7. c3 Bc5+ 8. Kh1
Nge7 9. h3 Bxf3 10. Rxf3 Nf5 11. d4 cxd3 12. Bxd3 Nh4 13. Rf1 Qb6 14. g3 Ng6 15.
h4 O-O-O 16. h5 Nge7 17. g4 Be3 18. b4 Bxc1 19. Qxc1 Kb8 20. a4 Rc8 21. a5 Qc7
22. Qa3 Ka8 23. b5 Nb8 24. b6 Qc5 25. bxa7 Kxa7 26. Qxc5+ Rxc5 27. Na3 Rxa5 28.
Nb5+ Kb6 29. Rxa5 Kxa5 30. Nd6 Kb6 31. Rb1+ Kc6 32. Rxb7 1-0

[Event "AUTO-OPEN-3395"]
[Site "http://www.queenalice.com/game.php?id=1327230"]
[Date "2014.12.10"]
[Round "1"]
[White "Magogue"]
[Black "Aborigen"]
[Result "1/2-1/2"]
[WhiteElo "2017"]
[BlackElo "2096"]

1. e4 c5 2. Nf3 Nc6 3. d4 cxd4 4. Nxd4 g6 5. Nc3 Bg7 6. Be3 d6 7. Bb5 Bd7 8. O-O
Nf6 9. Re1 O-O 10. h3 a6 11. Bxc6 bxc6 12. Nb3 c5 13. Qd2 Bc6 14. Bf4 Nd7 15.
Bh6 Rb8 16. Rab1 Ne5 17. Bxg7 Kxg7 18. Qf4 e6 19. Nxc5 a5 20. Nd3 Nxd3 21. cxd3
e5 22. Qe3 Qb6 23. Qxb6 Rxb6 24. f3 Rfb8 25. Re2 Bb7 26. Kf2 Ba6 27. Rd2 Bc8 28.
Nd5 R6b7 29. b3 Be6 30. Ne3 a4 31. d4 axb3 32. axb3 Rxb3 33. Rxb3 Rxb3 34. d5
Bc8 35. Nc4 Ba6 36. Rc2 Bxc4 37. Rxc4 Rb2+ 38. Kg3 Kf6 39. Rc6 Ke7 40. Rc7+ Kf6
41. h4 h5 42. Rd7 Rb6 43. Rc7 Rb2 44. Rc3 Ke7 45. Kh3 Kd7 46. Ra3 Rb7 47. Ra8
Ke7 48. Rh8 Kf6 49. g4 hxg4+ 50. Kxg4 Rb1 51. Kg3 Rg1+ 52. Kh2 Rb1 53. Rd8 Ke7
54. Rc8 Rb2+ 55. Kg3 Rb1 56. Rc7+ Kf6 57. Rd7 Rb6 58. Kg4 Ra6 59. Rc7 Ra1 60.
Rd7 Ra6 61. h5 gxh5+ 62. Kxh5 Rb6 63. Rc7 Ra6 64. Rc6 Rxc6 65. dxc6 Ke7 66. Kg5
Ke6 67. f4 exf4 68. Kxf4 Ke7 69. Kf5 Kd8 70. Kf6 Kc7 71. Kxf7 Kxc6 72. Ke6 Kc5
1/2-1/2

[Event "AUTO-OPEN-3395"]
[Site "http://www.queenalice.com/game.php?id=1327231"]
[Date "2014.12.10"]
[Round "1"]
[White "Aborigen"]
[Black "Magogue"]
[Result "1-0"]
[WhiteElo "2064"]
[BlackElo "2111"]

1. d4 d5 2. c4 dxc4 3. e4 e5 4. d5 c6 5. Bxc4 Bb4+ 6. Bd2 Ba5 7. Nf3 Bg4 8. Qb3
Bxf3 9. Qxf3 Nf6 10. O-O Bxd2 11. Nxd2 O-O 12. Rfd1 cxd5 13. exd5 Nbd7 14. Re1
a6 15. Rad1 Re8 16. Ne4 Nxe4 17. Rxe4 b5 18. Bb3 Nc5 19. Re2 Nxb3 20. Qxb3 Rc8
21. Rde1 Rc5 22. Rd1 Qd6 23. h3 Rd8 24. Red2 e4 25. Kf1 f5 26. Qg3 Qxg3 27. fxg3
g5 28. d6 Kg7 29. Rd5 Rxd5 30. Rxd5 Kf6 31. Ke2 Ke6 32. Rd1 Rxd6 33. Rc1 h6 34.
b4 f4 35. gxf4 gxf4 36. Rc5 Kf6 37. Rh5 Kg6 38. Rc5 Rf6 39. Re5 f3+ 40. gxf3
exf3+ 41. Kf2 Rc6 42. Kxf3 Rc3+ 43. Re3 Rxe3+ 44. Kxe3 Kg5 45. Kf3 h5 46. Kg3
h4+ 47. Kf3 Kf5 48. a3 Kg5 49. Ke4 Kf6 50. Kf4 Ke6 51. Kg4 Kd5 52. Kxh4 Kc4 53.
Kg4 Kb3 54. h4 Kxa3 55. h5 Kxb4 56. h6 a5 57. h7 a4 58. h8=Q Kb3 59. Qh3+ Kb4
60. Qd3 a3 61. Qc2 Ka5 62. Qb3 b4 63. Kf4 1-0

[Event "AUTO-OPEN-3395"]
[Site "http://www.queenalice.com/game.php?id=1327258"]
[Date "2014.12.10"]
[Round "1"]
[White "salso"]
[Black "Aborigen"]
[Result "1-0"]
[WhiteElo "2144"]
[BlackElo "2045"]

1. d4 d5 2. e3 f5 3. Qh5+ g6 4. Qf3 e6 5. Bd3 Bd7 6. c4 c6 7. Nc3 Nf6 8. h4 Bg7
9. h5 Na6 10. hxg6 hxg6 11. Rxh8+ Bxh8 12. cxd5 Qa5 13. dxc6 Bxc6 14. Qh3 O-O-O
15. Ne2 Bg7 16. Qg3 Be8 17. a3 Qc7 18. Qxc7+ Nxc7 19. Bd2 Kb8 20. O-O-O Rc8 21.
Kb1 Ncd5 22. f3 Bh6 23. Nf4 Nxf4 24. exf4 Bc6 25. Rh1 Bg7 26. Re1 Re8 27. Bc4
Bd7 28. d5 exd5 29. Rxe8+ Bxe8 30. Bxd5 Nxd5 31. Nxd5 Bf7 32. Ne3 b6 33. Kc2 Kb7
34. Bc3 Bh6 35. Be5 Be6 36. g4 Kc6 37. Kc3 a5 38. gxf5 gxf5 39. b4 axb4+ 40.
axb4 Kb5 41. Nc2 1-0

[Event "AUTO-OPEN-3395"]
[Site "http://www.queenalice.com/game.php?id=1327259"]
[Date "2014.12.10"]
[Round "1"]
[White "Aborigen"]
[Black "salso"]
[Result "1/2-1/2"]
[WhiteElo "2070"]
[BlackElo "2123"]

1. Nf3 d5 2. d4 e6 3. g3 Bd6 4. Bg2 c6 5. O-O Nd7 6. Re1 f5 7. Bg5 Ngf6 8. e3
O-O 9. Nbd2 Qe8 10. c4 Ne4 11. cxd5 exd5 12. a3 Ndf6 13. Bxf6 Rxf6 14. Rc1 Bd7
15. Rf1 h6 16. Qb3 b5 17. Nxe4 fxe4 18. Nd2 Kh7 19. Qc2 g6 20. b4 Qe7 21. Nb3
Raf8 22. Nc5 Bxc5 23. Qxc5 Qxc5 24. Rxc5 g5 25. a4 a6 26. axb5 axb5 27. Ra1 g4
28. Rc2 Kg7 29. Ra7 R8f7 30. Rca2 Be6 31. Rxf7+ Rxf7 32. Ra6 Bd7 33. Bf1 Kf8 34.
Be2 h5 35. Ra8+ 1/2-1/2

[Event "AUTO-OPEN-3395"]
[Site "http://www.queenalice.com/game.php?id=1327278"]
[Date "2014.12.10"]
[Round "1"]
[White "Aborigen"]
[Black "Huevo"]
[Result "0-1"]
[WhiteElo "2093"]
[BlackElo "1908"]

1. c4 e5 2. Nc3 Nf6 3. g3 Bc5 4. Bg2 Nc6 5. e3 d6 6. a3 Bd7 7. Nge2 O-O 8. O-O
Ng4 9. b4 Bb6 10. Nd5 f5 11. Bb2 Rb8 12. Nec3 Ne7 13. Qb3 c6 14. Nxb6 axb6 15.
d4 e4 16. d5 c5 17. b5 Qe8 18. Na4 Nc8 19. Nc3 Qh5 20. h3 Ne5 21. Qd1 Qxd1 22.
Raxd1 Nxc4 23. Bc1 Ra8 24. a4 Ne7 25. Rfe1 Ne5 26. Bb2 Be8 27. Ba1 Bf7 28. Rf1
Nd3 29. Ne2 Bxd5 30. Nf4 Nxf4 31. gxf4 Rfd8 32. h4 Bb3 33. Rb1 Bxa4 34. Bc3 Bc2
35. Ra1 Bd3 36. Rfc1 Nd5 37. Bb2 Bxb5 38. Bf1 Bxf1 39. Kxf1 Nb4 40. Rd1 Nd3 41.
Bc3 b5 42. Be1 Ra6 43. Rab1 b4 44. Ke2 Ra3 45. f3 b3 46. Rxd3 exd3+ 47. Kxd3 b5
48. Ke2 Ra2+ 49. Kd1 b2 50. Kc2 Ra1 51. Kxb2 Rxb1+ 52. Kxb1 c4 53. Bb4 d5 54.
Bc5 Kf7 55. Kc2 Kg6 56. Kc3 Kh5 57. Kd4 Rd7 58. Ke5 Kxh4 59. Kxf5 Kg3 60. Ke6
Rd8 61. Ke7 Rb8 62. f5 b4 63. Kf7 Rb7+ 64. Ke6 b3 65. Kxd5 b2 0-1

[Event "AUTO-OPEN-3395"]
[Site "http://www.queenalice.com/game.php?id=1327279"]
[Date "2014.12.10"]
[Round "1"]
[White "Huevo"]
[Black "Aborigen"]
[Result "0-1"]
[WhiteElo "1935"]
[BlackElo "2053"]

1. e4 c5 2. Nf3 g6 3. d4 cxd4 4. Nxd4 Bg7 5. Nc3 Nc6 6. Be3 d6 7. Nxc6 bxc6 8.
Qd2 Bb7 9. Bc4 Nf6 10. f3 O-O 11. O-O-O a5 12. Na4 c5 13. Qd3 Nd7 14. Qa3 Nb6
15. Be2 Bc6 16. Nc3 Qc7 17. Bb5 Bxc3 18. Bxc6 Bb4 19. Qd3 Qxc6 20. h4 c4 21. Qd4
Bc5 22. Qc3 Bxe3+ 23. Qxe3 Rfc8 24. h5 Nd7 25. hxg6 fxg6 26. Qh6 Nf8 27. Qg5 Qe8
28. f4 c3 29. b3 a4 30. Rd5 axb3 31. Ra5 bxa2 32. Qd5+ e6 33. Qxa2 Qc6 34. Re1
Rxa5 35. Qxa5 Ra8 36. Qb4 Ra1+ 37. Qb1 Rxb1+ 38. Kxb1 Nd7 39. Ka2 Nb6 40. Kb3
Qc4+ 41. Ka3 Qa4# 0-1